000 00680nam a2200277Ia 4500
003 GCL
005 20240530100356.0
008 140319s9999 xx 000 0 eng d
040 _aGCL /
_cGCL
082 0 4 _a181.009
_bL M
100 1 _aLEAMAN, OLIVER
245 1 0 _aMOSES MAIMONIDES /
_cLEAMAN, OLIVER
260 _a[S.N] :
_bTHE AMERICAN UNIVERSITY IN CAIRO PRESS ،
_c1993
300 _a190 P
650 0 4 _aنجد
650 0 4 _aحوادث المرور
650 0 4 _aAVIATION
650 0 4 _aSPAIN
650 0 4 _aPHILOSOPHY
650 0 4 _aHISTORY
650 0 4 _aJEWS
650 0 4 _aISLAM - CULTURE
650 0 4 _aANDALUS
650 0 4 _aBIOGRAPHIES
942 _2ddc
_cBK
999 _c17107
_d17107